| 000 | 01262cam a2200157 4500500 | ||
|---|---|---|---|
| 005 | 20260329082457.0 | ||
| 041 | _afre | ||
| 042 | _adc | ||
| 100 | 1 | 0 |
_aHoute, Arnaud-Dominique _eauthor |
| 700 | 1 | 0 |
_aDusserre, Aurélia _eauthor |
| 700 | 1 | 0 |
_aBalavoine, Guillaume _eauthor |
| 245 | 0 | 0 | _aAtlas de la France au XXe siècle : 1914 à 2002 : de la Grande Guerre à la nouvelle société |
| 260 |
_bAutrement,
_c2018. |
||
| 520 | _aPlus de 80 cartes et documents pour comprendre la société française au XXe siècle, de la Grande Guerre à l’éclosion d’une nouvelle société.• Comment la France a traversé les deux guerres mondiales et s’est reconstruite.• La modernisation du pays malgré plusieurs crises économiques.• La mutation de la société : augmentation d’un tiers de la population et libéralisation des mœurs.• La place de la France au cœur de l’Europe et dans le monde.Cet atlas propose, de 1914 à 2002, un tour de France politique, économique et géopolitique et dresse un portrait de la société française dans toute sa diversité. | ||
| 856 | 4 | 1 | _uhttps://shs.cairn.info/atlas-de-la-france-au-xxe-siecle-1914-a-2002-de-la-grande-guerre-a-la-nouvelle-societe--9782746746817?lang=fr&redirect-ssocas=7080 |
| 999 |
_c2028901 _d2028901 |
||